Diseño de elementos de máquinas

Furkejuvvon:
Bibliográfalaš dieđut
Váldodahkki: Faires, Virgil Moring (Dahkki)
Materiálatiipa: Girji
Giella:espánnjágiella
Almmustuhtton: Ciudad de México UTEHA 1982
Fáttát:
Fáddágilkorat: Lasit fáddágilkoriid
Eai fáddágilkorat, Lasit vuosttaš fáddágilkora!

MARC

LEADER 00000nam a2200000 a 4500
001 UCW2098
003 CL-VaPUC
008 910830e19820000MX |||||||||||||||||spa|d
082 0 4 |a 621.815  |b FAI  |2 21 
100 0 |a Faires, Virgil Moring  |e author  |9 306054 
245 1 0 |a Diseño de elementos de máquinas 
300 |a 802 p 
942 |c BK 
945 |d 19910830 00:00:00 
260 |a Ciudad de México  |b UTEHA  |c 1982 
650 7 |a MAQUINARIA DISEÑO  |2 CL-VaPUC  |9 306055 
583 |a last modification  |c 19910830 00:00:00  |k Rodrigo Vera 
999 |c 216732  |d 216730 
952 |0 0  |1 0  |4 0  |6 621_815000000000000_FAI_1982  |7 0  |8 A  |9 202811  |a BIBMEC  |b BIBMEC  |d 2019-11-14  |i 2701324  |o 621.815 FAI 1982  |p 2701324  |r 2019-11-14  |w 2019-11-14  |y BK  |k MEC 
952 |0 0  |1 0  |4 0  |6 621_815000000000000_FAI_1982  |7 0  |8 A  |9 202812  |a BIBMEC  |b BIBMEC  |d 2019-11-14  |i 2105926  |o 621.815 FAI 1982  |p 2105926  |r 2024-01-19  |w 2019-11-14  |y BK  |k MEC